| 000 | 005520000a22001810004500 | ||
|---|---|---|---|
| 003 | MACL | ||
| 005 | 20160420155320.0 | ||
| 008 | 160420b xxu||||| |||| 00| 0 eng d | ||
| 040 |
_aMACL _cMACL |
||
| 041 | _aHindi | ||
| 082 | _a403 | ||
| 100 |
_aश्यामसुंदर दास _952998 |
||
| 245 | _aहिन्दी शब्दसागर | ||
| 260 |
_bकाशी नागरी प्रचारिणी सभा _c1969 _aवाराणसी |
||
| 350 | _a25 | ||
| 650 |
_aGrammar _952999 |
||
| 942 |
_cHIN _k403 _2ddc |
||
| 999 |
_c21718 _d21718 |
||